| 000 | 00610cam a22002052 4500 | ||
|---|---|---|---|
| 001 | 0000001952 | ||
| 005 | 20151217151834.0 | ||
| 008 | 070329s xx 000 0 eng d | ||
| 040 |
_aKABU _cKABU |
||
| 050 | 0 |
_aHD77 _b.L39 |
|
| 100 | 1 |
_aLaws, Sophie. _@0000151073 |
|
| 245 | 1 | 0 |
_aResearch for development : _ba practial guide. |
| 260 |
_aNew Delhi : _bVistaar, _c2003. |
||
| 300 | _axiii, 475 p. | ||
| 650 | 0 |
_aSustainable development _xEconometric models. _@0000151074 |
|
| 650 | 0 |
_aEconomic indicators. _@0000151075 |
|
| 908 | _a070329 | ||
| 950 | _@1 | ||
| 999 |
_c5546 _d5546 |
||